<?xml version="1.0" encoding="UTF-8"?><collection xmlns="info:lc/xmlns/marcxchange-v2"><record format="Unimarc" type="bibliographic"><leader>00618nam  2200205   450 </leader><controlfield tag="001">2619184</controlfield><controlfield tag="003">http://id.bnportugal.gov.pt/bib/porbase/2619184</controlfield><datafield ind1=" " ind2=" " tag="010"><subfield code="a">0-201-56947-7</subfield></datafield><datafield ind1=" " ind2=" " tag="035"><subfield code="a">isec005_bc.iso/29-08-2014/6598</subfield></datafield><datafield ind1=" " ind2=" " tag="100"><subfield code="a">19981112d1995    k  y0pory0103    ba</subfield></datafield><datafield ind1="0" ind2=" " tag="101"><subfield code="a">eng</subfield></datafield><datafield ind1=" " ind2=" " tag="102"><subfield code="a">US</subfield></datafield><datafield ind1="1" ind2=" " tag="200"><subfield code="a">Mechanical measurements</subfield><subfield code="f">Thomas G. Beckwith, Roy D. Marangoni, John H. Lienhard V</subfield></datafield><datafield ind1=" " ind2=" " tag="205"><subfield code="a">5th ed</subfield></datafield><datafield ind1=" " ind2=" " tag="210"><subfield code="a">Reading, MA</subfield><subfield code="c">Addison-Wesley</subfield><subfield code="d">1995</subfield></datafield><datafield ind1=" " ind2=" " tag="215"><subfield code="a">876 p.</subfield></datafield><datafield ind1=" " ind2=" " tag="675"><subfield code="a">681.2</subfield><subfield code="v">BN</subfield><subfield code="z">por</subfield></datafield><datafield ind1=" " ind2="1" tag="700"><subfield code="a">Beckwith</subfield><subfield code="b">T. G.</subfield></datafield><datafield ind1=" " ind2="1" tag="701"><subfield code="a">Marangoni</subfield><subfield code="b">Roy D.</subfield><subfield code="4">070</subfield></datafield><datafield ind1=" " ind2="1" tag="701"><subfield code="a">Lienhard</subfield><subfield code="b">John H.</subfield><subfield code="f">1961-</subfield><subfield code="4">070</subfield></datafield><datafield ind1=" " ind2="0" tag="801"><subfield code="a">PT</subfield><subfield code="b">ISEC</subfield><subfield code="g">RPC</subfield></datafield></record></collection>